[Event "ICS rated standard match"]
[Site "164.58.253.13"]
[Date "1999.05.25"]
[Round "?"]
[White "Hossa"]
[Black "nemisis"]
[Result "0-1"]
[WhiteElo "2068"]
[BlackElo "1757"]
[PlyCount "125"]

1. e4 c5 2. Nf3 d6 3. c3 Nf6 4. Bd3 Nc6 5. Bc2 e5 6. O-O Be7 7. d4 cxd4 8. cxd4
Bg4 9. Be3 exd4 10. Bxd4 Nxd4 11. Qxd4 Bxf3 12. Ba4+ Nd7 13. Bxd7+ Qxd7 14.
gxf3 O-O 15. Nd2 Bf6 16. Qd5 Bxb2 17. Rab1 Be5 18. Nc4 Bf4 19. Qh5 b5 20. Ne3
a6 21. Nd5 Be5 22. Nb6 Qe6 23. Nxa8 Rxa8 24. Rb3 g6 25. Qg5 Bg7 26. Ra3 b4 27.
Rb3 a5 28. Rd1 h6 29. Qd5 Qxd5 30. Rxd5 Be5 31. Rb1 Kf8 32. Rf1 Ke7 33. Rfd1 a4
34. Rb5 b3 35. f4 Bxf4 36. axb3 a3 37. b4 a2 38. Ra1 Be5 39. Rxe5+ dxe5 40. Kf1
Kd6 41. Ke2 Kc6 42. Kd2 Kb5 43. Kc3 Ra3+ 44. Kb2 Kxb4 45. Rxa2 Rxa2+ 46. Kxa2
Kc4 47. Ka3 Kd4 48. Kb4 Kxe4 49. Kc5 Kf3 50. Kd5 e4 51. Ke5 f5 52. Kf6 Kxf2 53.
Ke5 Kg2 54. Kf4 Kxh2 55. Ke3 Kg2 56. Kd4 h5 57. Ke3 h4 58. Kd2 h3 59. Ke3 h2
60. Kd4 h1=Q 61. Ke5 e3 62. Kd4 e2 63. Kc4 {Hossa resigns} 0-1

[Event "ICS rated blitz match"]
[Site "164.58.253.13"]
[Date "1999.05.25"]
[Round "?"]
[White "shaker"]
[Black "Hossa"]
[Result "0-1"]
[WhiteElo "1753"]
[BlackElo "2093"]
[PlyCount "40"]

1. d4 Nf6 2. c4 e6 3. Nc3 Bb4 4. Qc2 c5 5. a3 Bxc3+ 6. bxc3 d5 7. cxd5 exd5 8.
Bg5 cxd4 9. cxd4 O-O 10. Nf3 Nc6 11. e3 Bg4 12. Bd3 Bxf3 13. gxf3 h6 14. h4
Qa5+ 15. Kf1 hxg5 16. hxg5 Ne4 17. fxe4 Rfc8 18. exd5 Qxd5 19. Be4 Qxg5 20. Ke2
20... Nxd4+ {shaker resigns} 0-1

[Event "ICS rated blitz match"]
[Site "164.58.253.13"]
[Date "1999.05.25"]
[Round "?"]
[White "Hossa"]
[Black "Leomar"]
[Result "1-0"]
[WhiteElo "2107"]
[BlackElo "1775"]
[PlyCount "57"]

1. e4 Nf6 2. e5 Nd5 3. c4 Nb6 4. c5 Nd5 5. Bc4 e6 6. d4 b6 7. cxb6 axb6 8. Nf3
c5 9. Bxd5 exd5 10. dxc5 Bb7 11. cxb6 Qxb6 12. O-O Bb4 13. Be3 Qg6 14. Qb3 Nc6
15. Rd1 d4 16. Bxd4 Nxd4 17. Rxd4 Bxf3 18. Qxf3 Rb8 19. Rxb4 Rxb4 20. Qa8+ Ke7
21. Qxh8 Rxb2 22. Nc3 Qc2 23. Nd5+ Ke6 24. Nc7+ Qxc7 25. Qe8+ Kf5 26. Qxf7+ Ke4
27. Qf3+ Kd4 28. Rd1+ Kc5 29. Qc3+ {Leomar resigns} 1-0

[Event "ICS rated blitz match"]
[Site "164.58.253.13"]
[Date "1999.05.25"]
[Round "?"]
[White "KillServ"]
[Black "Hossa"]
[Result "1-0"]
[WhiteElo "2412"]
[BlackElo "2109"]
[PlyCount "56"]

1. e4 e6 2. d4 d5 3. exd5 exd5 4. Nf3 Nf6 5. c4 Bb4+ 6. Nc3 O-O 7. a3 Re8+ 8.
Be2 Bxc3+ 9. bxc3 dxc4 10. O-O Ne4 11. Bxc4 Nxc3 12. Qb3 Ne2+ 13. Kh1 Be6 14.
d5 Bg4 15. Be3 Bxf3 16. gxf3 Nd7 17. Bxe2 Nb6 18. Rfd1 Qd6 19. Rac1 Red8 20.
Qb2 Kh8 21. Bd3 Rg8 22. Be4 Rac8 23. a4 f5 24. Bxf5 Rce8 25. a5 Na4 26. Qxb7
Rgf8 27. Be4 Re7 28. Qb3 28... Qd7 {Hossa resigns} 1-0

[Event "ICS rated blitz match"]
[Site "164.58.253.13"]
[Date "1999.05.25"]
[Round "?"]
[White "Hossa"]
[Black "KillServ"]
[Result "1-0"]
[WhiteElo "2107"]
[BlackElo "2414"]
[PlyCount "86"]

1. e4 e5 2. Nf3 Nc6 3. Bc4 Nf6 4. Ng5 d5 5. exd5 Na5 6. Bb5+ c6 7. dxc6 bxc6 8.
Be2 h6 9. Nh3 Bd6 10. Nc3 Bxh3 11. gxh3 e4 12. f3 exf3 13. Bxf3 O-O 14. O-O Re8
15. d3 Rb8 16. Kh1 Qd7 17. Bg2 Be5 18. Qd2 Qc7 19. Rb1 Bxh2 20. Rxf6 Qg3 21.
Ne4 Qe5 22. Rf1 Qc7 23. Bf3 Be5 24. Bh5 Re7 25. Qg2 Kh8 26. b3 g6 27. Bd1 Kg7
28. Be3 Rh8 29. b4 Nb7 30. Bxa7 Ra8 31. Qg1 Nd6 32. Nxd6 Qxd6 33. Bc5 Qe6 34.
Bg4 Qd5+ 35. Bf3 Qe6 36. Qg2 Rc7 37. Rbe1 Qf6 38. Bxc6 Qxc6 39. Qxc6 Rxc6 40.
Rxe5 Rc7 41. Ra1 Ra3 42. Rd5 f5 43. c4 43... Kf7 {KillServ resigns} 1-0

[Event "ICS rated standard match"]
[Site "164.58.253.13"]
[Date "1999.05.25"]
[Round "?"]
[White "Hossa"]
[Black "Pushkin"]
[Result "1-0"]
[WhiteElo "2053"]
[BlackElo "1688"]
[PlyCount "23"]

1. e4 e5 2. Nf3 Nc6 3. Bc4 h6 4. O-O Nf6 5. d3 Bc5 6. Be3 Bxe3 7. fxe3 Na5 8.
Nxe5 Nxc4 9. Nxc4 b5 10. e5 Nd5 11. Nd6+ cxd6 12. Qf3 {Pushkin resigns} 1-0

[Event "ICS Rated blitz match"]
[Site "207.99.83.229"]
[Date "1999.05.25"]
[Round "?"]
[White "Beadle"]
[Black "Hossa"]
[Result "0-1"]
[WhiteElo "2691"]
[BlackElo "2469"]
[PlyCount "122"]

1. d4 Nf6 2. c4 c5 3. Nf3 cxd4 4. Nxd4 e5 5. Nb5 d5 6. cxd5 Bc5 7. N1c3 a6 8.
Qa4 Nbd7 9. e4 Nb6 10. Nd6+ Kf8 11. Nxf7 Kxf7 12. Qa5 Bd4 13. Be3 Ng4 14. Bxd4
exd4 15. Ne2 Qf6 16. f3 Ne3 17. Qc5 Nd7 18. Qc1 Re8 19. Qd2 Qh4+ 20. g3 Qf6 21.
Nxd4 Qxd4 22. Qxd4 Nc2+ 23. Kf2 Nxd4 24. Rd1 Nb5 25. d6 Kg8 26. Bc4+ Kh8 27.
Bxb5 axb5 28. a3 b4 29. axb4 Ne5 30. f4 Ng4+ 31. Kf3 Nf6 32. Rd4 b6 33. Re1 Bb7
34. d7 Rxe4 35. Rexe4 Rd8 36. Ke3 Nxe4 37. Rxe4 Bxe4 38. Kxe4 Rxd7 39. Ke3 Rd1
40. h3 Rg1 41. Kf3 Rb1 42. h4 Rxb2 43. h5 Rb3+ 44. Kf2 Kg8 45. g4 Kf7 46. b5
Rxb5 47. Ke3 Ke6 48. h6 gxh6 49. Kf3 h5 50. gxh5 Rxh5 51. Kg4 Rf5 52. Kf3 Rxf4+
53. Kxf4 h5 54. Kg5 h4 55. Kxh4 b5 56. Kh5 b4 57. Kh6 b3 58. Kh7 b2 59. Kh8 Kf7
60. Kh7 b1=Q+ 61. Kh6 61... Qg6# {Beadle checkmated} 0-1

[Event "ICS Rated blitz match"]
[Site "207.99.83.229"]
[Date "1999.05.25"]
[Round "?"]
[White "Hossa"]
[Black "Beadle"]
[Result "0-1"]
[WhiteElo "2494"]
[BlackElo "2666"]
[PlyCount "115"]

1. Nf3 d5 2. g3 Nf6 3. Bg2 Nc6 4. d4 e6 5. Bf4 Bd6 6. Bxd6 cxd6 7. Nbd2 Qb6 8.
Nb3 e5 9. a4 Bg4 10. O-O Bxf3 11. Bxf3 Nxd4 12. Nxd4 Qxd4 13. Qxd4 exd4 14. Ra3
Rc8 15. Rc1 g5 16. a5 g4 17. Bg2 O-O 18. Ra4 Rc5 19. Rb4 Rfc8 20. Rxb7 Rxc2 21.
Rxc2 Rxc2 22. Bf1 Ne4 23. Rxa7 Nd2 24. Kg2 Rxb2 25. a6 Ra2 26. Rb7 Rxa6 27. Rb2
Nc4 28. Rb3 Ra4 29. Rd3 Ne5 30. Rb3 Nd7 31. h3 h5 32. hxg4 hxg4 33. Rb7 Nc5 34.
Rb1 Kf8 35. Kg1 Ke7 36. Rd1 Rc4 37. Rd2 Ne4 38. Rd3 Ke6 39. Kg2 Ke5 40. Rd1 Rc2
41. Kg1 f6 42. Kg2 Rd2 43. Rxd2 Nxd2 44. Kg1 Nxf1 45. Kxf1 Ke4 46. Ke1 d3 47.
Kd2 dxe2 48. Kxe2 d4 49. Kd2 Kf3 50. Kd3 Kxf2 51. Kd2 Kxg3 52. Kd1 Kf3 53. Ke1
g3 54. Kd2 g2 55. Kd3 g1=Q 56. Kc4 Qg5 57. Kb4 Qc5+ 58. Ka4 {Hossa resigns} 0-1

[Event "ICS Rated blitz match"]
[Site "207.99.83.229"]
[Date "1999.05.25"]
[Round "?"]
[White "Hossa"]
[Black "Amateur"]
[Result "1/2-1/2"]
[WhiteElo "2485"]
[BlackElo "2508"]
[PlyCount "158"]

1. Nf3 Nf6 2. b3 g6 3. Bb2 Bg7 4. c4 O-O 5. g3 c6 6. Bg2 d5 7. O-O dxc4 8. bxc4
Na6 9. Be5 Be6 10. Qc1 Qd7 11. Ng5 Bg4 12. f3 Bh5 13. Bh3 Qd8 14. Qb2 h6 15.
Ne4 g5 16. Bg4 Bxg4 17. fxg4 Ne8 18. Rf2 Qd7 19. Bxg7 Nxg7 20. Nbc3 Ne8 21.
Raf1 Rb8 22. Qa3 Qe6 23. Kh1 Rd8 24. Qb3 Rd7 25. c5 Ng7 26. d3 Qxb3 27. axb3
Ne6 28. Na4 Rdd8 29. Rb1 Nb4 30. Nac3 Nd5 31. Nd1 Ra8 32. e3 Nb4 33. d4 b5 34.
Ra1 a5 35. Ndc3 Ng7 36. Rf3 Ra7 37. Nf2 Ne6 38. Ra3 Nc2 39. Ra2 Ne1 40. Rf5 Ng7
41. Re5 Nf3 42. Re4 e6 43. Kg2 Ne1+ 44. Kf1 f5 45. gxf5 exf5 46. Kxe1 fxe4 47.
Ncxe4 Ne6 48. Ng4 Kg7 49. Ne5 Nd8 50. Ke2 Kh7 51. Ra1 Rf5 52. Kd3 a4 53. g4 Rf8
54. Ra3 Rf1 55. Nc3 Rf2 56. Nxc6 Nxc6 57. Nxb5 Nb4+ 58. Kc4 Nc2 59. Nxa7 Nxa3+
60. Kb4 Nc2+ 61. Kxa4 Nxe3 62. Kb5 Rxh2 63. c6 Rc2 64. Kb6 Rc3 65. b4 Rc4 66.
b5 Nd5+ 67. Ka5 Rxd4 68. b6 Rd2 69. b7 Rb2 70. Nc8 Nc7 71. Ka4 Rb1 72. Nd6 Kg6
73. Nc4 Kf6 74. Na3 Rb6 75. Nc4 Rb5 76. Na3 Rb2 77. Nc4 Rb5 78. Na3 Rb2 79. Nc4
79... Rb5 {Game drawn by repetition} 1/2-1/2

[Event "ICS Rated blitz match"]
[Site "207.99.83.229"]
[Date "1999.05.25"]
[Round "?"]
[White "Amateur"]
[Black "Hossa"]
[Result "1-0"]
[WhiteElo "2507"]
[BlackElo "2486"]
[PlyCount "275"]

1. e4 e6 2. d4 d5 3. Nc3 Bb4 4. e5 b6 5. Qg4 g6 6. Bd2 f5 7. Qf4 Ne7 8. Nf3 Ba6
9. Qh6 Kd7 10. a3 Bxc3 11. Bxc3 Bxf1 12. Rxf1 b5 13. Ng5 Qg8 14. O-O-O Kc6 15.
Rd3 Kb7 16. Rf3 Nbc6 17. Rf4 Nd8 18. Qh3 h6 19. Rh4 Qg7 20. Re1 Nec6 21. Re3
Rc8 22. Rg3 Ka8 23. Rd3 h5 24. Bd2 Qd7 25. Rb3 a6 26. Rf4 Nf7 27. Nxf7 Qxf7 28.
Qc3 Qd7 29. h4 Nd8 30. Qa5 Kb7 31. Qb4 Ka8 32. Rc3 Nc6 33. Qc5 Nd8 34. Be3 Re8
35. Rd3 Qc6 36. Qb4 Qb6 37. Qd2 Nc6 38. Rf3 b4 39. Rg3 bxa3 40. Rxa3 Rg8 41.
Qe2 Ka7 42. Qf1 Rb8 43. b3 f4 44. Bxf4 Nxd4 45. Be3 c5 46. Bxd4 cxd4 47. Ra4
Rbc8 48. Qd3 Rcf8 49. f3 Rf5 50. Rg5 Rxg5 51. hxg5 Qc6 52. f4 Rb8 53. Qxd4+ Ka8
54. Qd3 Ka7 55. Qe3+ Ka8 56. Kd2 Rg8 57. g4 hxg4 58. Qe2 Kb7 59. Qxg4 Rc8 60.
Ra2 Qb6 61. Qe2 Qd4+ 62. Ke1 Qg1+ 63. Qf1 Qe3+ 64. Kd1 Qd4+ 65. Kc1 Rc6 66. Kb1
Qe4 67. Qf2 Qb4 68. Ra4 Qc3 69. Qe2 Rb6 70. Qh2 Qc7 71. Qh6 Qf7 72. Qh3 Qd7 73.
Rd4 a5 74. Kc1 Qf7 75. Qc3 Rb5 76. Ra4 Qf8 77. Qd2 Qf5 78. Qe2 Rc5 79. Qf2 Qf8
80. Qe2 Qf5 81. Kb1 Qf7 82. Qd3 Kb6 83. Qe3 Qf5 84. Qf2 Kc6 85. Qe2 Rb5 86. Qf3
Rc5 87. Qg2 Kb7 88. Qf2 Kc6 89. Qh2 Kb6 90. Qe2 Rb5 91. Qf2+ Kb7 92. Qe3 Kc6
93. Qg3 Kb7 94. Qc3 Kb6 95. Qf3 Rc5 96. Qd1 Kc6 97. Qe2 Rb5 98. Qe3 Kb7 99. Ra2
Kc6 100. Qc3+ Kb6 101. Qe3+ Kc6 102. Qf3 Kc7 103. Qc3+ Kb6 104. Ra4 Rc5 105.
Qd2 Qf8 106. Qd3 Qf7 107. Qd4 Qf5 108. Ra2 Qf8 109. Qe3 Qf5 110. Qf2 Qf8 111.
Qh2 Qf5 112. Ra4 Rb5 113. Qf2+ Kb7 114. Kb2 Qf8 115. Qh2 Kc6 116. Qh7 Qe8 117.
Qa7 Qf8 118. Qa6+ Rb6 119. Qxa5 Rb7 120. c4 d4 121. Qd2 Qc5 122. Ra6+ Rb6 123.
Rxb6+ Kxb6 124. Kc2 Kc7 125. Qd3 Qa7 126. Kb2 Qc5 127. Qxg6 Qc6 128. Qf7+ Kb8
129. g6 Qg2+ 130. Ka3 Qa8+ 131. Kb4 Qc6 132. c5 Qg2 133. g7 Qd2+ 134. Kb5 Qd3+
135. Ka5 Qg6 136. Qxg6 d3 137. Qf7 Kc8 138. g8=Q# {Hossa checkmated} 1-0

[Event "ICS Rated blitz match"]
[Site "207.99.83.229"]
[Date "1999.05.25"]
[Round "?"]
[White "Hossa"]
[Black "Amateur"]
[Result "0-1"]
[WhiteElo "2471"]
[BlackElo "2522"]
[PlyCount "184"]

1. Nf3 Nf6 2. b3 g6 3. Bb2 Bg7 4. c4 O-O 5. g3 c6 6. Bg2 d5 7. O-O dxc4 8. bxc4
Na6 9. Be5 Be6 10. Qc1 Qd7 11. Ng5 Bg4 12. f3 Bh5 13. Bh3 Qd8 14. Qb2 h6 15.
Ne4 g5 16. Bg4 Bxg4 17. fxg4 Ne8 18. Rf2 Qd7 19. Bxg7 Nxg7 20. Nbc3 Ne8 21.
Raf1 Rb8 22. Qa3 Qe6 23. Kh1 Rd8 24. Qb3 Rd7 25. c5 Qxb3 26. axb3 Rd4 27. d3
Nec7 28. Ra1 Ne6 29. Ra4 Rdd8 30. Rf5 Nd4 31. Re5 Rd7 32. Nd2 Ra8 33. b4 Rad8
34. Re4 Rf8 35. Nc4 Nb5 36. Nd1 Rc8 37. Ne5 Rdd8 38. e3 Rd5 39. d4 Rdd8 40. Nd3
Rd7 41. Ra2 Nac7 42. Ne5 Rdd8 43. Rf2 Rf8 44. Nd3 Nd5 45. Re5 Rce8 46. Rf1 e6
47. Rf3 f6 48. Re4 Nbc3 49. Nxc3 Nxc3 50. Nf2 Kg7 51. h4 b5 52. cxb6 axb6 53.
Kg2 b5 54. Kh3 Kg6 55. Kg2 Rf7 56. d5 e5 57. dxc6 Rc7 58. Rf5 Rxc6 59. h5+ Kg7
60. Kf3 Rd6 61. Kg2 Rd2 62. Kg1 Re7 63. Kf1 Rxf2+ 64. Rxf2 Nxe4 65. Ra2 Nxg3+
66. Kf2 Ne4+ 67. Kf3 Nc3 68. Rc2 e4+ 69. Kg3 Nd1 70. Re2 Rd7 71. Rc2 Nxe3 72.
Rc5 Rb7 73. Kh3 Nc4 74. Rd5 e3 75. Rd1 Ra7 76. Kg2 Ne5 77. Rd5 Ra2+ 78. Kg3 e2
79. Kf2 Nf3 80. Kxf3 e1=Q 81. Rd7+ Kf8 82. Rd8+ Qe8 83. Rxe8+ Kxe8 84. Kg3 Rb2
85. Kf3 Rxb4 86. Kg3 Rf4 87. Kh3 b4 88. Kg3 b3 89. Kh3 b2 90. Kg3 b1=Q 91. Kh3
Qh1+ 92. Kg3 92... Rf3# {Hossa checkmated} 0-1

[Event "ICS Rated blitz match"]
[Site "207.99.83.229"]
[Date "1999.05.25"]
[Round "?"]
[White "Amateur"]
[Black "Hossa"]
[Result "1-0"]
[WhiteElo "2536"]
[BlackElo "2457"]
[PlyCount "141"]

1. e4 e6 2. d4 d5 3. Nd2 Nf6 4. e5 Nfd7 5. Ngf3 c5 6. Nb3 c4 7. Nbd2 f6 8. Nh4
g6 9. exf6 Qxf6 10. Ndf3 h6 11. g3 Bb4+ 12. c3 Bd6 13. Bh3 g5 14. Ng2 O-O 15.
Bg4 Qe7 16. Ne3 Nf6 17. Nd2 Kh8 18. h4 Nxg4 19. Nxg4 e5 20. hxg5 exd4+ 21. Kf1
Qxg5 22. Rxh6+ Kg8 23. Nxc4 Qxg4 24. Qxg4+ Bxg4 25. Nxd6 Bf3 26. cxd4 Nc6 27.
Rh4 Rab8 28. Bg5 Ra8 29. Re1 Be4 30. Nxe4 dxe4 31. Rexe4 b5 32. d5 Nb8 33. Reg4
Kf7 34. Rf4+ Ke8 35. Rxf8+ Kxf8 36. g4 Kg7 37. f4 Nd7 38. f5 Ne5 39. d6 Rg8 40.
Rh3 a5 41. Kg2 Kf8 42. Bh6+ Kf7 43. g5 Nc4 44. Rd3 Rd8 45. g6+ Kf6 46. Rg3 Kxf5
47. Bg5 Rxd6 48. g7 Rg6 49. Bh6 Rxg7 50. Bxg7 a4 51. b3 Nb6 52. Rd3 Ke6 53. Kf3
Kf7 54. Bd4 Nd5 55. bxa4 Nb4 56. Rc3 bxa4 57. a3 Nd5 58. Rc6 Ne7 59. Ra6 Ke8
60. Ke4 Kd7 61. Rxa4 Kc6 62. Rc4+ Kb5 63. Rc7 Ng6 64. Ra7 Nf8 65. Kd5 Ng6 66.
Be3 Nf4+ 67. Bxf4 Kb6 68. Bb8 Kb5 69. Bd6 Kb6 70. Bc5+ Kb5 71. a4# {
Hossa checkmated} 1-0

[Event "ICS Rated blitz match"]
[Site "207.99.83.229"]
[Date "1999.05.25"]
[Round "?"]
[White "Hossa"]
[Black "Quaestor"]
[Result "0-1"]
[WhiteElo "2445"]
[BlackElo "2795"]
[PlyCount "73"]

1. e4 Nf6 2. e5 Nd5 3. c4 Nb6 4. c5 Nd5 5. Bc4 e6 6. d4 d6 7. cxd6 cxd6 8. Qe2
dxe5 9. dxe5 Bc5 10. Nf3 O-O 11. O-O Nc6 12. Rd1 Qc7 13. Bxd5 exd5 14. Rxd5 Nb4
15. Rd2 Bxf2+ 16. Kxf2 Qxc1 17. Qe4 Nc6 18. Ng5 g6 19. Qh4 h5 20. Ne4 Nxe5 21.
Nf6+ Kg7 22. Qd4 Kxf6 23. b3 Qc6 24. Nc3 Re8 25. Kg1 Kg7 26. Ne4 Qb6 27. Qxb6
axb6 28. Nd6 Re7 29. Rd5 Bd7 30. Rd4 Bc6 31. a4 b5 32. a5 b6 33. b4 f6 34. a6
Rea7 35. Ra2 Rxa6 36. Rxa6 Rxa6 37. Ne4 {Hossa resigns} 0-1

[Event "ICS Rated blitz match"]
[Site "207.99.83.229"]
[Date "1999.05.25"]
[Round "?"]
[White "Quaestor"]
[Black "Hossa"]
[Result "1-0"]
[WhiteElo "2799"]
[BlackElo "2441"]
[PlyCount "53"]

1. e4 Nf6 2. e5 Nd5 3. d4 Nb6 4. a4 d6 5. Nf3 dxe5 6. a5 N6d7 7. dxe5 g6 8. Bc4
Nc6 9. Bxf7+ Kxf7 10. Ng5+ Ke8 11. Ne6 Ndxe5 12. Nxd8 Bg4 13. f3 Rxd8 14. Qe2
Be6 15. Na3 Kf7 16. O-O Bg7 17. a6 Nd4 18. Qe4 bxa6 19. Re1 Rhf8 20. Kh1 Kg8
21. Bh6 Bxh6 22. Qxe5 Rd7 23. Rad1 Bg7 24. Qa5 Rfd8 25. Qxa6 Bf5 26. Qxa7 Ne6
27. Rxd7 {Hossa resigns} 1-0

[Event "ICS Rated blitz match"]
[Site "207.99.83.229"]
[Date "1999.05.25"]
[Round "?"]
[White "Hossa"]
[Black "blunite"]
[Result "1-0"]
[WhiteElo "2437"]
[BlackElo "2270"]
[PlyCount "67"]

1. Nf3 f5 2. d4 Nf6 3. e3 e6 4. Bd3 b6 5. O-O Bb7 6. Nc3 Be7 7. b3 O-O 8. Bb2
d6 9. Ng5 Qd7 10. Qe2 h6 11. Nf3 Ne4 12. Rad1 Qe8 13. Nb5 Qd8 14. Nd2 d5 15. f3
Nxd2 16. Qxd2 a6 17. Nc3 Nd7 18. e4 Bg5 19. Qe2 Qe8 20. exf5 exf5 21. Rde1 Qf7
22. Qe6 Qxe6 23. Rxe6 Rae8 24. Bxf5 Bc8 25. Nxd5 Nf6 26. Nxc7 Bxe6 27. Bxe6+
Rxe6 28. Nxe6 Be3+ 29. Kh1 Re8 30. d5 Nxd5 31. Nxg7 Rc8 32. c4 Nb4 33. Nf5 Bf4
34. Ne7+ {blunite resigns} 1-0

[Event "ICS Rated blitz match"]
[Site "207.99.83.229"]
[Date "1999.05.25"]
[Round "?"]
[White "Hossa"]
[Black "Rufsetufs"]
[Result "1-0"]
[WhiteElo "2446"]
[BlackElo "2148"]
[PlyCount "85"]

1. c4 g6 2. d4 Bg7 3. e4 d6 4. Nf3 Nf6 5. Nc3 O-O 6. Be2 e5 7. O-O Nc6 8. d5
Ne7 9. Bg5 Ne8 10. Qd2 f5 11. exf5 gxf5 12. Rae1 Nf6 13. Bh6 Ng6 14. Bxg7 Kxg7
15. Qg5 Kh8 16. Qh6 Qe7 17. a3 Rg8 18. Ng5 Qg7 19. Qxg7+ Rxg7 20. g3 Bd7 21.
Kh1 h6 22. Ne6 Bxe6 23. dxe6 Re8 24. f4 e4 25. Nb5 a6 26. Nd4 Ne7 27. Rd1 c5
28. Nc2 Rd8 29. Ne3 Ne8 30. g4 fxg4 31. Nxg4 Nf5 32. Rd5 Nd4 33. Rh5 Nxe2 34.
Nxh6 Rh7 35. Nf7+ Kg8 36. Rxh7 Kxh7 37. Nxd8 Nf6 38. e7 e3 39. Ne6 Nd4 40. Nxd4
cxd4 41. Kg2 d3 42. Rg1 e2 43. Kf2 {Rufsetufs resigns} 1-0

[Event "ICS Rated blitz match"]
[Site "207.99.83.229"]
[Date "1999.05.25"]
[Round "?"]
[White "Quaestor"]
[Black "Hossa"]
[Result "1-0"]
[WhiteElo "2803"]
[BlackElo "2451"]
[PlyCount "58"]

1. d4 Nf6 2. Nf3 c6 3. c4 d5 4. Nc3 dxc4 5. a4 Qa5 6. Bd2 Be6 7. e4 Qb6 8. a5
Qxb2 9. Rb1 Qa3 10. Rxb7 Bc8 11. Rb1 Ba6 12. Ne5 Qxa5 13. Rxb8+ Rxb8 14. Nxc6
Qb6 15. Nxb8 Bb5 16. Qb1 Qxb8 17. Bxc4 a6 18. Nxb5 e6 19. Ba5 Kd7 20. e5 Nd5
21. O-O axb5 22. Bxb5+ Ke7 23. Ba4 Qa8 24. Qb5 Qc8 25. Rb1 f5 26. Qb7+ Qxb7 27.
Rxb7+ Nc7 28. Rxc7+ Kd8 29. Ra7+ 29... Kc8 {Hossa resigns} 1-0

[Event "ICS Rated blitz match"]
[Site "207.99.83.229"]
[Date "1999.05.25"]
[Round "?"]
[White "Hossa"]
[Black "Quaestor"]
[Result "0-1"]
[WhiteElo "2447"]
[BlackElo "2807"]
[PlyCount "77"]

1. d4 d5 2. c4 dxc4 3. Nf3 Nf6 4. Nc3 a6 5. e4 b5 6. Be2 Bb7 7. e5 Nd5 8. O-O
e6 9. Nxd5 Bxd5 10. b3 cxb3 11. axb3 Be7 12. Ba3 O-O 13. Bxe7 Qxe7 14. Bd3 Nc6
15. Re1 Nb4 16. Rc1 Rac8 17. Re3 c5 18. Rxc5 Rxc5 19. dxc5 Nxd3 20. Rxd3 Qxc5
21. Nd4 Rc8 22. Qe1 Qc1 23. Rd1 Qc3 24. Rd2 Bxb3 25. Nxb3 Qxb3 26. Rd7 a5 27.
Kh1 b4 28. h3 a4 29. Rb7 Qc3 30. Qe4 a3 31. Qf4 Qc1+ 32. Qxc1 Rxc1+ 33. Kh2 h6
34. Rb8+ Kh7 35. Rxb4 a2 36. Ra4 a1=Q 37. Rxa1 Rxa1 38. g3 Kg6 39. g4 {
Hossa resigns} 0-1

[Event "ICS Rated blitz match"]
[Site "207.99.83.229"]
[Date "1999.05.25"]
[Round "?"]
[White "MissSilicon"]
[Black "Hossa"]
[Result "1/2-1/2"]
[WhiteElo "2584"]
[BlackElo "2454"]
[PlyCount "53"]

1. e4 Nf6 2. e5 Nd5 3. d4 d6 4. Nf3 g6 5. Bc4 Nb6 6. Bb3 Bg7 7. exd6 Qxd6 8.
Ng5 O-O 9. Qf3 Qf6 10. Nc3 Nc6 11. Nb5 Rb8 12. Bf4 Nxd4 13. Nxd4 e5 14. O-O-O
exf4 15. Ne4 Qe5 16. Rhe1 Rd8 17. Nc3 Qg5 18. Ne4 Qg4 19. Nb5 Rxd1+ 20. Rxd1
Qxf3 21. Rd8+ Bf8 22. gxf3 Kg7 23. Nxc7 Be7 24. Re8 Bf8 25. Rd8 Be7 26. Re8 Bf8
27. Rd8 {Game drawn by repetition} 1/2-1/2

[Event "ICS Rated blitz match"]
[Site "207.99.83.229"]
[Date "1999.05.25"]
[Round "?"]
[White "Hossa"]
[Black "MissSilicon"]
[Result "0-1"]
[WhiteElo "2460"]
[BlackElo "2578"]
[PlyCount "93"]

1. Nf3 Nf6 2. b3 g6 3. Bb2 Bg7 4. c4 O-O 5. e3 d6 6. d4 Bg4 7. Be2 Qd7 8. O-O
c6 9. Nc3 c5 10. dxc5 dxc5 11. Ne5 Bxe2 12. Nxd7 Bxd1 13. Nxf8 Bg4 14. h3 Bc8
15. Nxh7 Kxh7 16. Rad1 Nc6 17. Ba1 Bf5 18. Nd5 Nxd5 19. Rxd5 b6 20. Bxg7 Kxg7
21. f3 a6 22. e4 Be6 23. Rg5 Rd8 24. f4 Rd4 25. f5 Bc8 26. Rf4 Ne5 27. fxg6
Nxg6 28. Rg3 e5 29. Rh4 Bb7 30. Kh2 Rxe4 31. Rxe4 Bxe4 32. h4 Kh6 33. Re3 Bb1
34. a4 f5 35. g3 Kh5 36. Kh3 e4 37. Re2 Bd3 38. Ra2 Bf1+ 39. Kh2 e3 40. a5 Ne5
41. Kg1 e2 42. Ra1 bxa5 43. Rxf1 Nf3+ 44. Rxf3 e1=Q+ 45. Kg2 Qe4 46. Kf2 Qc2+
47. Ke1 {Hossa resigns} 0-1

[Event "ICS Rated blitz match"]
[Site "207.99.83.229"]
[Date "1999.05.25"]
[Round "?"]
[White "jacdion"]
[Black "Hossa"]
[Result "1-0"]
[WhiteElo "2772"]
[BlackElo "2449"]
[PlyCount "90"]

1. e4 Nf6 2. e5 Nd5 3. d4 d6 4. Nf3 g6 5. Bc4 Nb6 6. Bb3 Bg7 7. a4 dxe5 8. a5
Nd5 9. dxe5 c6 10. c4 Nb4 11. Qxd8+ Kxd8 12. O-O Kc7 13. Bg5 Nd3 14. Bxe7 Nxe5
15. Nxe5 Bxe5 16. Re1 Bxb2 17. Ra2 Bd4 18. c5 Be6 19. Bd6+ Kc8 20. Bxe6+ fxe6
21. Rxe6 Nd7 22. Rc2 Bf6 23. Nd2 Rg8 24. Nb3 Bd8 25. Rce2 b6 26. axb6 axb6 27.
cxb6 Ra6 28. Bc5 Kb7 29. Rd2 Nxb6 30. Be3 Ra3 31. Rd3 Ra2 32. g3 Nd5 33. Nc5+
Kb8 34. Rxc6 Ne7 35. Rcd6 Kc8 36. Ne6 Ba5 37. Ra6 Kb8 38. Bf4+ Kc8 39. Rb3 Kd7
40. Rb7+ Ke8 41. Ra8+ Kf7 42. Ng5+ Kf6 43. Rxg8 Kf5 44. Rf8+ Kg4 45. Rxe7 45...
h6 {Hossa resigns} 1-0

[Event "ICS rated blitz match"]
[Site "207.99.83.229"]
[Date "1999.05.25"]
[Round "?"]
[White "Hossa"]
[Black "jacdion"]
[Result "0-1"]
[WhiteElo "2440"]
[BlackElo "2776"]
[PlyCount "117"]

1. e4 c5 2. Nf3 e6 3. c4 Nc6 4. d4 cxd4 5. Nxd4 Nf6 6. Nc3 Bb4 7. Nxc6 bxc6 8.
Bd3 e5 9. O-O O-O 10. Be3 Bxc3 11. bxc3 d6 12. Qa4 Qd7 13. Rab1 Re8 14. Bg5 Nh5
15. c5 dxc5 16. Rfd1 Nf4 17. Bxf4 exf4 18. e5 Qe6 19. Be4 Bd7 20. f3 Re7 21.
Qc2 Kf8 22. Rb7 Be8 23. Rxe7 Qxe7 24. Qb2 Qxe5 25. Qb7 Rb8 26. Qxa7 f5 27. Bb1
Rb2 28. Qa6 Qxc3 29. Bxf5 g6 30. Bb1 c4 31. Kh1 Qd2 32. Rg1 c3 33. Qa7 Qe3 34.
Qxh7 Qxg1+ 35. Kxg1 Rxb1+ 36. Kf2 c2 37. Qh8+ Kf7 38. Qh7+ Ke6 39. Qg8+ Kd7 40.
Qg7+ Kc8 41. Qf8 Rf1+ 42. Kxf1 c1=Q+ 43. Kf2 Qb2+ 44. Ke1 Qa1+ 45. Kf2 Qxa2+
46. Kf1 Qc4+ 47. Kf2 Qc2+ 48. Ke1 Qc1+ 49. Ke2 Qe3+ 50. Kf1 c5 51. h4 c4 52.
Qg8 c3 53. Qc4+ Kb7 54. Qb4+ Kc6 55. Qb1 Kc5 56. g4 Qxf3+ 57. Kg1 Qg3+ 58. Kf1
f3 59. g5 {Hossa resigns} 0-1

[Event "ICS rated blitz match"]
[Site "207.99.83.229"]
[Date "1999.05.25"]
[Round "?"]
[White "AzkikrU"]
[Black "Hossa"]
[Result "1-0"]
[WhiteElo "2539"]
[BlackElo "2436"]
[PlyCount "113"]

1. e4 c5 2. Nf3 e6 3. d4 cxd4 4. Nxd4 Nc6 5. Nc3 a6 6. g3 Bb4 7. Bg2 Bxc3+ 8.
bxc3 Qa5 9. Bb2 Nf6 10. Nxc6 dxc6 11. Qd6 Ng4 12. Rd1 f5 13. exf5 Qxf5 14. O-O
Kf7 15. Rd4 Nf6 16. Rd3 Re8 17. Re1 Kg8 18. Re5 Qg6 19. Bc1 Nd7 20. Rg5 Qf7 21.
Bf3 Rf8 22. Rg4 Nf6 23. Ra4 Ne8 24. Qd4 Qg6 25. Ba3 Rf6 26. Be7 e5 27. Qc4+ Re6
28. Bg4 Qf7 29. Bxe6 Bxe6 30. Qc5 Bxa2 31. Re4 Nf6 32. Rxe5 Nd5 33. Bd6 Rd8 34.
Re1 Re8 35. Be5 Qf5 36. Qa7 Qf7 37. Rd4 Nf6 38. Rb4 Qh5 39. Rxb7 Rxe5 40. Rxe5
Qd1+ 41. Kg2 Bd5+ 42. Rxd5 Qxd5+ 43. f3 Qd2+ 44. Qf2 Qxc3 45. Qe2 h5 46. Ra7 a5
47. Qd3 Qc5 48. Ra8+ Kf7 49. Qd2 Qe5 50. Rxa5 Nd5 51. c4 Ne3+ 52. Kf2 Nd1+ 53.
Kf1 Qe6 54. Qxd1 Qxc4+ 55. Qe2 Qc1+ 56. Kg2 c5 57. Ra7+ {Hossa resigns} 1-0

[Event "ICS Rated blitz match"]
[Site "207.99.83.229"]
[Date "1999.05.25"]
[Round "?"]
[White "Data"]
[Black "Hossa"]
[Result "1-0"]
[WhiteElo "2734"]
[BlackElo "2431"]
[PlyCount "51"]

1. e4 c5 2. Nf3 e6 3. d4 cxd4 4. Nxd4 Nc6 5. Nc3 d6 6. g3 Nf6 7. Bg2 Bd7 8. O-O
Be7 9. Ndb5 Qb8 10. Bg5 a6 11. Bxf6 gxf6 12. Nd4 Nxd4 13. Qxd4 Qc7 14. Rae1
O-O-O 15. Re3 Kb8 16. Rc1 Rdg8 17. Ne2 Qa5 18. Rb3 Bc6 19. Nc3 f5 20. exf5 Bxg2
21. Kxg2 Qc7 22. Qa4 Ka8 23. Re1 Qc8 24. Nd5 exd5 25. Rxe7 Qxc2 26. Qd7 {
Hossa resigns} 1-0